000 00349nam a22001337a 4500
008 181031b xxu||||| |||| 00| 0 eng d
020 _a9780393035575
041 _aeng
080 _a910
100 _a45
101 _aGEO
245 _aThe Book OF Life An Illustrated History Of TheEvolution Of Life On Earth
_cJohn.b
942 _2udc
_cBK
999 _c51287
_d51287